Najpopularniejsze numery Sentino 2025 - Statystyki

Ogólne statystyki
  • Ten quiz został rozwiązany 161 razy
    95 od ostatniego zresetowania
  • Średni wynik to 11 z 16
Statystyki odpowiedzi
Odtworzenia Tytuł feat % Poprawnych
34,4 mln Trójkąt bermudzki Nitro, Masny Ben
94%
23,3 mln Powww! Schwesta Ewa
91%
35,5 mln Lato
89%
18 mln Casablanca
86%
16,7 mln Wiecznie
80%
9 mln Zapytaj o mnie Malik Montana
76%
26 mln Vitalyi
70%
17,9 mln Midas
69%
28,2 mln Rio
69%
8 mln brak słów Bedoes
61%
12,4 mln Pistolet
60%
13 mln Kosmos
59%
10,4 mln Tatuażyk
59%
10 mln Skandal
49%
15 mln Algeciras
37%
6,8 mln Helikopter nad blokiem
14%
Nie znaleziono quizów pasujących do podanych kryteriów
Rozkład punktacji
Procent ludzi z każdym wynikiem
Percentyl według liczby udzielonych odpowiedzi
Twoja historia wyników
Nie rozwiązałeś tego quizu od ostatniego zresetowania